000 00490nam a22001937a 4500
003 LK-CoMWRAF
005 20240229133559.0
008 240229b |||||||| |||| 00| 0 eng d
040 _aLK-CoMWRAF
_dLK-CoMWRAF
_eLK-CoMWRAF
041 _aeng
082 _a954
_bIND
245 _aIndia- best of the best
260 _aNew Delhi:
_bDurga Das publications,
_c[n.d.]
300 _a124 p.
650 _aINDIA-Guide books
650 _aIndia-Travel
700 _aSeth, Rabindra
942 _cBK
999 _c4836
_d4836